Statistiques concernant Pays se terminant par N

Cliquez ici pour prendre le quiz!

Statistiques générales

  • Ce quiz a été pris 7,924 fois
  • Le résultat moyen est 15 sur 24

Statistiques - réponses

pays % Correct
Afghanistan
87%
Pakistan
87%
Turkménistan
86%
Ouzbékistan
86%
Iran
83%
Kazakhstan
83%
Tadjikistan
80%
Kirghizistan
79%
Azerbaïdjan
70%
Oman
69%
Japon
69%
Liban
69%
Bhoutan
63%
Yémen
61%
Soudan
60%
Bénin
49%
Vatican
49%
Gabon
45%
Bahreïn
42%
Taïwan
38%
Saint-Marin
36%
Cameroun
35%
Liechtenstein
33%
Salomon
29%

Distribution des résultats

Percentile par nombre de réponses

% des personnes avec chaque résultat

Votre développement - résultats

Vous n’avez pas pris ce quiz